| 000 | 00367nam a2200145Ia 4500 | ||
|---|---|---|---|
| 008 | 230917s9999||||xx |||||||||||||| ||und|| | ||
| 040 |
_e147847 _aMAIN |
||
| 041 | _aEnglish | ||
| 082 | _a301.045 N631S | ||
| 100 | _aNisbet, Robest A | ||
| 245 | 0 | _aSociolorical trodition | |
| 260 |
_aLondon _bHeinemann educational books _c1966 |
||
| 300 | _a348p. p. | ||
| 942 | _cBK | ||
| 999 |
_c228172 _d228172 |
||